000 00343nam a2200145Ia 4500
008 230917s9999||||xx |||||||||||||| ||und||
040 _e141610
_aMAIN
041 _aEnglish
082 _a181.4 T543B
100 _aTiwari
245 0 _aBharatiya barshan ki bhoomika
260 _aJaipur
_bVidha Bhawan
_c1958
300 _a404 p.
942 _cBK
999 _c87224
_d87224